LEADER 02739nam 22006252 450 001 9910450365003321 005 20151005020622.0 010 $a1-107-12911-7 010 $a1-280-41791-9 010 $a1-139-14642-4 010 $a0-511-17811-5 010 $a0-511-06685-6 010 $a0-511-06054-8 010 $a0-511-30543-5 010 $a0-511-61388-1 010 $a0-511-06898-0 035 $a(CKB)1000000000017979 035 $a(EBL)217710 035 $a(OCoLC)70741076 035 $a(SSID)ssj0000162282 035 $a(PQKBManifestationID)11166940 035 $a(PQKBTitleCode)TC0000162282 035 $a(PQKBWorkID)10200055 035 $a(PQKB)11465533 035 $a(UkCbUP)CR9780511613883 035 $a(MiAaPQ)EBC217710 035 $a(Au-PeEL)EBL217710 035 $a(CaPaEBR)ebr10069902 035 $a(CaONFJC)MIL41791 035 $a(EXLCZ)991000000000017979 100 $a20090914d2002|||| uy| 0 101 0 $aeng 135 $aur||||||||||| 181 $ctxt$2rdacontent 182 $cc$2rdamedia 183 $acr$2rdacarrier 200 14$aThe German aesthetic tradition /$fKai Hammermeister$b[electronic resource] 210 1$aCambridge :$cCambridge University Press,$d2002. 215 $a1 online resource (xv, 259 pages) $cdigital, PDF file(s) 300 $aTitle from publisher's bibliographic system (viewed on 05 Oct 2015). 311 $a0-521-78554-5 311 $a0-521-78065-9 320 $aIncludes bibliographical references (p. 245-255) and index. 327 $aCover; Half-title; Title; Copyright; Dedication; Contents; Preface; 1 Baumgarten, Mendelssohn; 2 Kant; 3 Schiller; 4 Schelling; 5 Hegel; 6 Schopenhauer; 7 Kierkegaard, Nietzsche; 8 Cassirer, Luka?cs; 9 Heidegger, Gadamer; 10 Adorno; Conclusion; Notes; Index 330 $aThis book, first published in 2002, is a systematic critical overview of German aesthetics from 1750 to the present. It begins with the work of Baumgarten and covers all the major writers on German aesthetics that follow, including Kant, Schiller, Schelling, Hegel, Nietzsche, Heidegger, Gadamer and Adorno. The book offers a clear and non-technical exposition of ideas, placing these in a wider philosophical context where necessary. Such is the importance of German aesthetics that the market for this book will extend far beyond the domain of philosophy to such fields as literary studies, fine art and music. 606 $aAesthetics, German 615 0$aAesthetics, German. 676 $a111/.85/0943 700 $aHammermeister$b Kai$01050546 801 0$bUkCbUP 801 1$bUkCbUP 906 $aBOOK 912 $a9910450365003321 996 $aThe German aesthetic tradition$92480412 997 $aUNINA LEADER 01153nam0-22003971i-450 001 990006822530403321 005 20221222154827.0 010 $a88-14-05648-X 035 $a000682253 035 $aFED01000682253 035 $a(Aleph)000682253FED01 035 $a000682253 100 $a20001010d1995----km-y0itay50------ba 101 0 $aita 102 $aIT 105 $ay-------001yy 200 1 $a<>codice internazionale del diritto dei contratti$ei principi UNIDROIT dei contratti commerciali internazionali$fMichael Joachim Bonell 210 $aMilano$cGiuffrè$dc 1995 215 $a452 p.$d24 cm 676 $a341.754 676 $a340.9$v11 rid.$zita 700 1$aBonell,$bMichael Joachim$0226472 801 0$aIT$bUNINA$gRICA$2UNIMARC 901 $aBK 912 $a990006822530403321 952 $aSDC-D-35$b137$fDDCP 952 $aIII C 33$b27696$fFSPBC 952 $a16-B-140$b8524$fDDCP 952 $aX N2 253$b30313*$fFGBC 952 $aN2 51$bs.i.$fDSI 959 $aFSPBC 959 $aDDCP 959 $aDSI 996 $aCodice internazionale del diritto dei contratti$968408 997 $aUNINA DB $aGEN01 LEADER 02467nam 2200661Ia 450 001 9910785820303321 005 20230421054239.0 010 $a3-11-087310-9 024 7 $a10.1515/9783110873108 035 $a(CKB)2670000000251047 035 $a(EBL)935579 035 $a(SSID)ssj0000559649 035 $a(PQKBManifestationID)11356352 035 $a(PQKBTitleCode)TC0000559649 035 $a(PQKBWorkID)10567270 035 $a(PQKB)10914846 035 $a(MiAaPQ)EBC935579 035 $a(WaSeSS)Ind00010006 035 $a(DE-B1597)55367 035 $a(OCoLC)979748250 035 $a(DE-B1597)9783110873108 035 $a(Au-PeEL)EBL935579 035 $a(CaPaEBR)ebr10597967 035 $a(OCoLC)843635272 035 $a(EXLCZ)992670000000251047 100 $a19920622d1992 uy 0 101 0 $aeng 135 $aurnn#---|u||u 181 $ctxt 182 $cc 183 $acr 200 10$aContact geometry and linear differential equations$b[electronic resource] /$fby Vladimir E. Nazaikinskii, Victor E. Shatalov, Boris Yu. Sternin 205 $aReprint 2011 210 $aBerlin ;$aNew York $cW. de Gruyter$d1992 215 $a1 online resource (228 p.) 225 1 $aDe Gruyter expositions in mathematics,$x0938-6572 ;$v6 300 $aDescription based upon print version of record. 311 0 $a3-11-013381-4 320 $aIncludes bibliographical references (p. [211]-214) and index. 327 $tFront matter --$tChapter I. Homogeneous functions, Fourier transformation, and contact structures --$tChapter II. Fourier-Maslov operators --$tChapter III. Applications to differential equations --$tReferences --$tIndex --$tBackmatter 330 $aContact Geometry And Linear Differential Equations (Manuels De Linguistique Et Des Sciences De Communication) 410 0$aDe Gruyter expositions in mathematics ;$v6.$x0938-6572 606 $aDifferential equations, Linear 606 $aWKB approximation 615 0$aDifferential equations, Linear. 615 0$aWKB approximation. 676 $a515/.354 686 $aSK 540$2rvk 700 $aNazai?kinskii?$b V. E$0497463 701 $aShatalov$b V. E$g(Viktor Evgen?evich)$01466018 701 $aSternin$b B. I?U$01466019 801 0$bMiAaPQ 801 1$bMiAaPQ 801 2$bMiAaPQ 906 $aBOOK 912 $a9910785820303321 996 $aContact geometry and linear differential equations$93676292 997 $aUNINA